000 00536nam a22001817a 4500
999 _c188391
_d188391
005 20220520105737.0
010 _aENG-132732
020 _a938501844-2
_c150.00
035 _aEN-116264
037 _bDBAD/PUB
082 _a351.1
100 _aNatesan, Sooryakode
245 _aAn Easy Way to KSR/
_cSooryakode Natesan
260 _aThiruvananthapuram
_bDeshabhimani Bookhouse
_c2014
270 _a1H O Tiruvananthapuram
_bThiruvananthapuram
_e695035
300 _a176p.
_c22cm(pbk)
942 _2ddc
_cEN
_h151.1
_mNAT